| 000 | 00351nam a22001337a 4500 | ||
|---|---|---|---|
| 020 | _a9780008326043 | ||
| 040 | _cNust | ||
| 082 |
_a823-CH _bBON |
||
| 100 |
_aMichael Bond _9129077 |
||
| 245 | _aPaddington at the Palace | ||
| 260 |
_aLondon: _bHarperCollinsChildren’sBooks, _c2019. |
||
| 650 |
_aPaddington at the Palace _9129078 |
||
| 942 |
_2ddc _cBK |
||
| 999 |
_c613832 _d613832 |
||